000 00381pab a2200157 454500
008 180718b1999 xxu||||| |||| 00| 0 eng d
100 _aMisra, P.K.
245 _aUntouchability in South India
260 _c1999
300 _ap.1-12
362 _aJan-Mar
650 _aUntouchables - South Asia
650 _aUntouchables
773 _aEastern Anthropologist
909 _a41900
999 _c41900
_d41900